बावनकशी (Record no. 39077)

MARC details
000 -LEADER
fixed length control field 00486nam a2200181Ia 4500
008 - FIXED-LENGTH DATA ELEMENTS--GENERAL INFORMATION
fixed length control field 090123s9999 xx 000 0 und d
082 ## - DEWEY DECIMAL CLASSIFICATION NUMBER
Item number 992
100 ## - MAIN ENTRY--PERSONAL NAME
Personal name फडके ना. सी.
245 ## - TITLE STATEMENT
Title बावनकशी
250 ## - EDITION STATEMENT
Edition statement 1
260 ## - PUBLICATION, DISTRIBUTION, ETC. (IMPRINT)
Name of publisher, distributor, etc कुलकर्णी अ.अ.
300 ## - PHYSICAL DESCRIPTION
Extent 271
600 ## - SUBJECT ADDED ENTRY--PERSONAL NAME
Personal name फडके ना. सी.
630 ## - SUBJECT ADDED ENTRY--UNIFORM TITLE
Uniform title बावनकशी
700 ## - ADDED ENTRY--PERSONAL NAME
Personal name फडके ना. सी.
730 ## - ADDED ENTRY--UNIFORM TITLE
Uniform title बावनकशी
942 ## - ADDED ENTRY ELEMENTS (KOHA)
Koha item type Book
Holdings
Withdrawn status Lost status Damaged status Not for loan Home library Current library Date acquired Cost, normal purchase price Total Checkouts Full call number Barcode Date last seen Cost, replacement price Price effective from Koha item type
      Added to bundle Jawahar Wachalanalaya, Kalwa Jawahar Wachalanalaya, Kalwa 03/31/2003 5.00   992 KLW-992 01/23/2009 5.00 01/23/2009 Book